LIBRARY & INFORMATION CENTRE, KCAET, TAVANUR

ONLINE PUBLIC ACCESS CATALOGUE (OPAC)

Adhyatma ramayanam / (Record no. 4972)

MARC details
000 -LEADER
fixed length control field 00357cam a2200157ua 4500
041 ## - LANGUAGE CODE
Language code of text/sound track or separate title mal
082 ## - DEWEY DECIMAL CLASSIFICATION NUMBER
Classification number 894.8121
Item number RAG/AD
100 ## - MAIN ENTRY--AUTHOR NAME
Personal name Raghavan pillai, K .
245 ## - TITLE STATEMENT
Title Adhyatma ramayanam /
300 ## - PHYSICAL DESCRIPTION
Number of Pages 269 ; .
942 ## - ADDED ENTRY ELEMENTS (KOHA)
Koha item type Books
Holdings
Withdrawn status Lost status Damaged status Home library Current library Date acquired Full call number Accession Number Koha item type
Withdrawn     KAUAET Malayalam University 07/04/2012 894.8121 9487 Books
free website counter